Loading...
| Current Events | 1 | 10.00 | 100% | 0% | 0% |
| Fine Arts - Auditory | 2 | 15.00 | 100% | 50% | 0% |
| Fine Arts - Visual | 2 | 10.00 | 100% | 0% | 0% |
| Geography | 3 | 16.67 | 100% | 67% | 0% |
| History - Ancient/Other | 1 | 0.00 | 0% | 0% | 0% |
| History - European | 1 | 20.00 | 100% | 100% | 0% |
| History - World | 1 | 20.00 | 100% | 100% | 0% |
| Literature - American | 2 | 15.00 | 100% | 50% | 0% |
| Literature - British | 1 | 10.00 | 100% | 0% | 0% |
| Literature - European | 1 | 10.00 | 100% | 0% | 0% |
| Literature - World | 1 | 10.00 | 100% | 0% | 0% |
| Philosophy | 1 | 20.00 | 100% | 100% | 0% |
| Science - Biology | 1 | 10.00 | 100% | 0% | 0% |
| Science - Chemistry | 2 | 15.00 | 100% | 50% | 0% |
| Science - Other | 2 | 10.00 | 100% | 0% | 0% |
| Social Science | 2 | 5.00 | 50% | 0% | 0% |